| 000 | 00551nam a2200181 i 4500 | ||
|---|---|---|---|
| 001 | 26883 | ||
| 003 | ES-MaACL | ||
| 005 | 20230906153522.0 | ||
| 007 | t| | ||
| 008 | 030110s1871 sp ||||1| spa d | ||
| 080 | _a378(460)"18" | ||
| 100 | 1 |
_aArriaga, Francisco. _923272 |
|
| 245 | 1 | 0 |
_aHistoria de la provisión de una cátedra / _cFrancisco Arriaga. |
| 260 |
_aMadrid : _b[s.n.], _c1871 ( _fImp. a cargo de J. E. Morete) |
||
| 300 |
_a37 p. ; _c17 cm. |
||
| 650 | 4 |
_aEnseñanza superior- _zEspaña- _yS.XIX. _9144821 |
|
| 852 | 4 |
_aES-MaACL _jT-149-F-4 |
|
| 999 |
_c26883 _d26883 |
||